000 00573nam a2200181 i 4500
001 79061
003 ES-MaACL
005 20251019063047.0
007 t|
008 041019s1972 sp ||||1| spa d
100 1 _aHemingway, Ernest,
_d1899-1961
_9242377
245 1 0 _aAl otro lado del río y entre los árboles
_b: novela /
_cErnest Hemingway ; [traducción, Manuel Gurrea].
260 _aBarcelona :
_bPlaneta,
_c[1972]
300 _a308 p. ;
_c19 cm.
700 1 _aGurrea, Manuel.
_960995
852 _aES-MaACL
_jC-42472
_bR.81317
999 _c79061
_d79061